| 000 | 00741 am a2200217 a 4500 | ||
|---|---|---|---|
| 005 | 20240223133602.0 | ||
| 008 | 100618s1992||||ck a f |||| 001 0 spa d | ||
| 020 | _aS/N | ||
| 041 | _aspa | ||
| 092 |
_c616.96 _l8 _sBOT |
||
| 100 | 1 |
_aBotero, David. _91200 |
|
| 245 |
_aParasitosis humanas. _bIncluye animales venenosos y ponzoñosos / _cDavid Botero |
||
| 250 | _a2a ed. | ||
| 260 |
_aMedellin [Colombia]: _bCIB Corporación para Investigaciones Biológicas; _c1992. |
||
| 300 | _a418 p. | ||
| 500 | _aBotero, D. y Restrepo M. (1992). Parasitosis humanas. Incluye animales venenosos y ponzoñosos. (2a ed.). Medellin [Colombia] : CIB. | ||
| 653 | _aParasitosis | ||
| 700 | 1 |
_aRestrepo, Marcos. _91201 |
|
| 930 | _a1664 | ||
| 942 |
_2ddc _cBK |
||
| 999 |
_c386 _d386 |
||